Statistics for Countries with Shortest Maximum Distances to the Ocean

Click here to take the quiz!

General Stats

  • This quiz has been taken 12,334 times
    (11,887 since last reset)
  • The average score is 13 of 22

Answer Stats

Max Km to SeaCountry% Correct
1Monaco
77%
22Vatican City
72%
22San Marino
72%
60Panama
71%
96Belize
65%
100Costa Rica
65%
105El Salvador
64%
39Qatar
62%
123Israel
60%
115South Korea
59%
136Greece
56%
185Netherlands
56%
197United Arab Emirates
56%
115Kuwait
55%
72Lebanon
54%
125Albania
53%
100Djibouti
52%
134Andorra
52%
186Estonia
47%
136Montenegro
45%
194Equatorial Guinea
40%
200Eswatini
35%

Score Distribution

Percentile by Number Answered

Percent of People with Each Score

Your Score History

You have not taken this quiz since the last reset